"Most Famous" Person by U.S. State Quiz - Statistics

General Stats
  • This quiz has been taken 51 times
  • The average score is 21 of 50
Answers on the Map
Answers color-coded by a green-red scale on the quiz's map according to % correct below.
 
Answer Stats
# Person Birthplace State % Correct
22 iShowSpeed Cincinnati Ohio
74%
3 Malachi Barton Virginia Beach Virginia
74%
213 Bruno Mars Honolulu Hawaii
71%
9 PresLee Faith Dallas Texas
71%
10 Txunamy ??? California
66%
36 Michael Jackson Gary Indiana
66%
48 JoJo Siwa Omaha Nebraska
63%
17 Ariana Grande Boca Raton Florida
57%
13 Piper Rockelle Atlanta Georgia
57%
1134 Anna Kendrick Portland Maine
57%
360 Tony Lopez Las Vegas Nevada
57%
119 Cash Baker Tulsa Oklahoma
51%
40 Addison Rae Lafayette Louisiana
49%
228 Hailey Bieber Tucson Arizona
46%
662 Calvin Briggs ??? Iowa
46%
18 MrBeast Wichita Kansas
46%
8 Taylor Swift West Reading Pennsylvania
46%
757 Nick DiGiovanni Providence Rhode Island
46%
62 Caylus Spokane Washington
46%
312 Rudy Pankow Ketchikan Alaska
43%
20 Charlie Kirk Arlington Heights Illinois
43%
116 Nikki Rodriguez Minneapolis Minnesota
40%
16 Charli D'Amelio Norwalk Connecticut
37%
176 Aubreigh Wyatt Ocean Springs Mississippi
37%
1 Salish Matter Nyack New York
37%
1871 Noah Kahan Strafford Vermont
37%
2 Zuza Beine Thiensville Wisconsin
37%
70 Ayden Valdez ??? Arkansas
34%
1600 Babyface.s Wilmington Delaware
34%
2865 Zack Lugo ??? Idaho
34%
35 Cesar Mendoza ??? Michigan
34%
12 Brooks Harvey Charlotte North Carolina
34%
941 Hannah Stocking Ashland Oregon
34%
7 Embreigh Courtlyn ??? Alabama
31%
87 Nick Wilkins ??? Colorado
31%
419 Johnny Depp Owensboro Kentucky
31%
736 Alex Wassabi Great Falls Montana
31%
276 Jace Norman Corrales New Mexico
31%
1263 Wiz Khalifa Minot North Dakota
31%
15 PaisLee Jaine Nelson St. George Utah
31%
131 Capri Jones Springfield Massachusetts
29%
76 Eminem Saint Joseph Missouri
29%
1956 Sadie McKenna ??? New Hampshire
26%
861 Steve Harvey Welch West Virginia
26%
93 Brennan Myers ??? Maryland
23%
121 Flamingo Haddon Heights New Jersey
23%
110 Maddox Batson Hermitage Tennessee
23%
2505 Hunter Hill Rock Springs Wyoming
23%
38 Lei Lei ??? South Carolina
20%
2045 Brock Lesnar Webster South Dakota
14%
No matching quizzes found
Score Distribution
Percent of People with Each Score
Percentile by Number Answered
Your Score History
You have not taken this quiz